000 00862nas a2200277 4500
001 BR2011007121
003 BR-BrBNA
005 20231205115732.0
007 ta
008 230509b bl.|||p| |||| 00| 00por d
040 _aBR-BrBNA
_bpor
_cBiblioteca Nacional de Agricultura
041 _a(Pt)
072 _aH10
100 1 _aJahnke, S.M.
100 1 _aRedaelli, L.R.
100 1 _aDiefenbach, L.M.G.
100 1 _aEfrom, C.F.S.
245 1 _aDistribuição espacial de posturas de Cosmoclopius nigroannulatus Stal (Hemiptera: Reduviidae)em Nicotiana tabacum L. (Solanaceae)
650 _aFUMO
650 _aPREDADOR
650 _aINSETO
650 _aPOSTURA
773 0 _tNeotropical Entomology (Brazil)
_xISSN 1519-566X
_g(Jan-Mar 2003), v. 32(1) p. 123-126
_wBR2011007121
909 _a202311
_bLúcia
_c55
_dLúcia Elande
942 _2AGRIS
_n0
_cANA
999 _c215443
_d215443